000 00638cam a22002172 4500
001 0000013253
005 20151217154417.0
008 090720s xx 000 0 eng d
020 _a0324537352 :
040 _aKABU
_cKABU
050 0 _aHJ141
_b.H96 2008
100 1 _aHyman, David N.
_@0000149948
245 1 0 _aPublic finance :
_ba contemporary application of theory to policy.
250 _a9th ed.
260 _aMason, Ohio :
_bSouth-Western,
_c2008.
300 _axix, 748 p.
650 0 _aPublic finance.
_@0000152733
852 1 _9p5248.75 KES
908 _a090720
950 _@1
999 _c11122
_d11122